|
|
|
|
| LEADER |
00610nam a22001697a 4500 |
| 020 |
|
|
|a 9788184351255
|
| 082 |
|
|
|a 658.45
|b POO/E
|
| 100 |
|
|
|a Poonam P Joshi
|9 56762
|
| 245 |
|
|
|a Essential of communication skills and grammar/
|c by Poonam P Joshi
|
| 260 |
|
|
|a New Delhi:
|b Adhyayan Publishers and Distributors,
|c 2009.
|
| 300 |
|
|
|a 275p.
|
| 650 |
|
|
|a Communication Skill
|9 56763
|
| 650 |
|
|
|a Grammar
|9 56764
|
| 650 |
|
|
|a Management
|9 56765
|
| 942 |
|
|
|c BK
|
| 999 |
|
|
|c 138523
|d 138523
|
| 952 |
|
|
|0 0
|1 0
|4 0
|6 658_450000000000000_POO_E
|7 0
|9 95561
|a SSUS
|b SSUS
|c STACKS
|d 2018-07-25
|g 695.00
|o 658.45 POO/E
|p 091307
|r 2018-07-25
|w 2018-07-25
|y BK
|